[Event "Stay Safe Play From Home 184"]
[Site "T#646426Emanuel Laske"]
[Date "2020.05.29"]
[Round "6"]
[White "Little champs"]
[Black "Rogan"]
[Result "1/2-1/2"]
[WhiteElo "2112"]
[BlackElo "2276"]
[Annotator "TA"]
[PlyCount "220"]
[EventDate "2020.05.29"]
[EventType "swiss (blitz)"]

{[%evp 9,220,11,37,39,38,38,46,15,45,0,12,0,-7,-16,-6,-6,-10,-16,-18,-20,-23,-85,-85,-85,-87,-88,-83,-129,-131,-129,-127,-142,-69,-79,-76,-112,-107,-110,-113,-169,-176,-286,-197,-257,-225,-228,-229,-265,-270,-656,-298,-677,-254,-249,-201,-227,-214,-219,-101,-101,-74,-101,-101,-101,-91,-101,-43,-43,-43,-111,-31,-31,-31,-31,-31,-31,-31,-31,-8,-31,-8,-8,-8,-8,-8,-8,-8,-8,-8,-8,-8,-8,-8,-8,-8,-8,-8,-8,-8,-8,-8,-8,-8,-8,0,0,0,0,0,0,0,0,0,0,0,0,0,0,0,0,0,0,0,0,0,0,0,0,0,0,0,0,0,0,0,0,0,0,0,0,0,0,0,0,0,0,0,0,0,0,0,0,0,0,0,0,0,0,0,0,0,0,0,0,0,0,0,0,0,0,0,0,0,0,0,0,0,0,0,0,0,0,0,0,0,0,0,0,0,0,0,0,0,0,0,0,8,0,0,0,0,0,8,0,0,0,0,0,0,0,0,0,0]} 1. d4 d5 2. e3 c6 3. Nf3 Nf6 4. Be2 Bg4 5. O-O Bxf3 6. Bxf3 {D04: Colle System.} Nbd7 7. c4 e6 8. Nc3 {White is slightly better.} Bd6 9. cxd5 exd5 {[#]} 10. e4 $146 ({Predecessor:} 10. Qc2 h5 11. e4 Bxh2+ 12. Kxh2 Ng4+ 13. Kg1 Qh4 14. Bf4 O-O-O 15. Bg3 Qg5 16. Qc1 Qxc1 17. Raxc1 dxe4 18. Nxe4 Rdf8 19. Nd6+ Kd8 20. Nxb7+ {1-0 (20) Schmitz,A (2043)-Jacobi,B (1488) Leverkusen 2011}) 10... dxe4 11. Nxe4 Nxe4 12. Bxe4 O-O 13. Bc2 Re8 14. Qd3 g6 $40 {[%mdl 128] Black mounts an attack.} 15. Bh6 (15. Bd2 $11 {keeps the balance.}) 15... Qh4 $17 {[%csl Gd6][%cal Rh4h2][%mdl 64] [#] Double Attack} 16. Qh3 Qxh3 ({Don't play} 16... Qxd4 $6 17. Rad1 $16) 17. gxh3 Nf6 18. Bd3 Nd5 19. Bd2 Rad8 20. Rfe1 Nf4 (20... Rxe1+ $17 21. Bxe1 Nf4) 21. Bxf4 Bxf4 22. Kg2 Rxe1 23. Rxe1 Rxd4 {[%mdl 4096] Endgame KRB-KRB} 24. Be4 (24. Rd1 $17) 24... Rd2 $19 25. Rb1 (25. Kf3 $142) 25... Be5 26. b4 (26. Rc1 {is a better defense.}) 26... Bd4 {Threatens to win with ...f5.} 27. b5 Rxf2+ 28. Kg3 Re2 29. Bf3 $2 (29. Bg2) 29... Rxa2 (29... Be5+ $142 30. Kh4 Rxa2) 30. bxc6 $2 (30. Bh1) 30... bxc6 $2 (30... Be5+ 31. Kh4 Ra4+ 32. Bg4 bxc6) 31. Bxc6 Kg7 32. Bd5 Ra3+ 33. Kg2 Be5 (33... Bb6 $19 {...Rd3 is the strong threat.} 34. Re1 Rd3) 34. Rb7 $17 Kh6 35. Rxf7 Rd3 36. Be6 Rd2+ 37. Kf3 Rxh2 (37... Rd6 $17 38. Bc4 Rd4) 38. Rxa7 $15 Bd4 39. Kg3 {[#]} ({White should play} 39. Rd7 $15 Bg7 40. Ke4) 39... Bxa7 (39... Rxh3+ $1 $17 40. Bxh3 Bxa7) 40. Kxh2 $17 {KB-KB} Kg5 41. Kg2 Bb8 42. Bc4 h6 43. Bf1 Kh4 44. Be2 g5 45. Bf3 {The position is equal.} Bc7 46. Be2 Bb6 47. Bg4 Bc5 48. Be2 Bd6 49. Bd1 Be5 50. Be2 Bf4 51. Bd1 Bd2 52. Bg4 h5 53. Be2 Be3 54. Bf3 Bf4 55. Be2 Be5 56. Bd1 g4 57. hxg4 hxg4 58. Bc2 Kg5 59. Ba4 Kf4 60. Bb5 g3 61. Be8 Bd4 62. Bf7 Bf2 63. Be8 Ke5 64. Bc6 Kf6 65. Bf3 Ke7 66. Kh3 Kd6 67. Bg2 Ke5 68. Kg4 Kd4 69. Kf3 Kd3 70. Bh3 Kd2 71. Kg2 Ke1 72. Be6 Kd2 73. Bf5 Ke3 74. Kf1 Kf4 75. Bh3 Bd4 76. Bg2 Kg4 77. Bh1 Kh4 78. Kg2 Kg4 79. Kf1 Kf4 80. Bg2 Be5 81. Bc6 Bd6 82. Bb7 Bc7 83. Kg2 Bb8 84. Bf3 Ke3 85. Bb7 Kd2 86. Bf3 Ke1 87. Bb7 Kd2 88. Bf3 Bc7 89. Bb7 Ke3 90. Bf3 Kd4 91. Bb7 Kc5 92. Bf3 Kb6 93. Ba8 Ka7 94. Bf3 Kb8 95. Be2 Ka7 96. Bf3 Kb6 97. Be2 Kc5 98. Bf3 Bd6 99. Ba8 Kd4 100. Bf3 Ke3 101. Ba8 Kd4 102. Bf3 Ke5 103. Ba8 Kf4 104. Bf3 Kf5 105. Bd1 $1 Ke5 106. Ba4 Kd4 107. Bd1 Kc5 108. Bh5 Kb4 109. Bg6 Kc3 110. Bh5 Kd2 {Whites escaped into a draw. Accuracy: White = 81%, Black = 85%.} 1/2-1/2

[Event "Stay Safe Play From Home 184"]
[Site "T#646426Emanuel Laske"]
[Date "2020.05.29"]
[Round "6"]
[White "SoulofWolf"]
[Black "Grizzzly"]
[Result "1-0"]
[WhiteElo "2039"]
[BlackElo "1716"]
[Annotator "TA"]
[PlyCount "77"]
[EventDate "2020.05.29"]
[EventType "swiss (blitz)"]

{[%evp 9,77,12,32,13,116,29,38,0,34,29,29,-39,-47,-81,-79,-63,-63,-85,-92,-90,-83,-84,317,-165,-139,-277,-139,-220,-132,-530,81,81,611,627,806,777,1179,1179,1909,1866,1325,1176,1914,1839,1614,1283,1266,1266,3128,1254,1250,1251,5074,5074,2252,1480,5347,5327,29979,29980,29984,29984,29991,29983,29986,29984,29986,29987,29991,29987]} 1. c4 e6 2. Nc3 d5 3. e4 Nf6 4. e5 Nfd7 5. d4 dxc4 $1 6. Bxc4 {A18: English Opening: Flohr-Mikenas System (1 c4 Nf6 2 Nc3 e6 3 e4).} Bb4 (6... c5 $1 $11) 7. Nge2 (7. Qg4 $16 Kf8 8. a3) 7... c5 $11 {[#]} 8. Be3 $146 {White is slightly better.} ({Predecessor:} 8. a3 Ba5 9. dxc5 Nxe5 10. Bb5+ Bd7 11. O-O O-O 12. Bf4 Bc7 13. Qb3 {0-1 (54) Bershadski,F-Kantor,A (2235) Saratoga 1995}) 8... cxd4 9. Qxd4 Nc6 10. Qf4 ({Better is} 10. Qg4 $11 Ncxe5 11. Qxg7) 10... Ndxe5 {Strongly threatening ...g5!} 11. Bb5 Nd3+ 12. Bxd3 Qxd3 13. Rd1 Qg6 14. O-O O-O 15. Nb5 Rd8 $2 {[%mdl 8192]} (15... Be7 $17 {keeps the pressure on. Threatens to win with ...e5.} 16. Qa4 e5) 16. Rc1 $4 {[%mdl 8192]} (16. Rxd8+ $18 Nxd8 17. Nc7) 16... a6 17. Nc7 (17. Nbc3 $17) 17... Rb8 (17... Bd6 $19 18. Nxa8 Bxf4 19. Nxf4 Qe4) 18. Qf3 (18. Nd5 $17 exd5 {[#]} 19. Rxc6 $1 {[%mdl 512]} Qxc6 20. Qxb8) 18... Bd6 19. Bf4 $2 {[%mdl 8192]} (19. Bb6 $17 {nothing else works.}) 19... Bxc7 $2 (19... e5 $19 20. Nd5 Bg4) 20. Bxc7 $16 Nd4 $2 {[%mdl 8192]} (20... Rd3 $16 21. Nf4 {[%mdl 64] Double Attack} Rxf3 22. Nxg6 Ra8) 21. Nxd4 $18 Rxd4 22. Bxb8 Bd7 23. Rfd1 Bc6 24. Rxd4 {Threatening mate with Rd8+.} h6 25. Qg3 Qf5 26. Be5 {[%csl Ge5][%cal Rg3g7]} f6 27. Bd6 e5 28. Rdd1 Be4 29. f3 {White threatens Rc7 and mate.} Bc6 30. h3 Qg5 31. Qxg5 hxg5 32. Be7 f5 33. Bxg5 f4 {[#]} 34. g3 $1 {White mates.} Kh7 (34... fxg3 35. Kg2) 35. gxf4 Kg6 36. h4 exf4 37. Bxf4 Kf5 38. Bg3 Bxf3 39. Rf1 {Accuracy: White = 22%, Black = 26%.} 1-0

[Event "Stay Safe Play From Home 184"]
[Site "T#646426Emanuel Laske"]
[Date "2020.05.29"]
[Round "6"]
[White "Lazieri3"]
[Black "Weltszmerc"]
[Result "0-1"]
[WhiteElo "2028"]
[BlackElo "2070"]
[Annotator "TA"]
[PlyCount "100"]
[EventDate "2020.05.29"]
[EventType "swiss (blitz)"]

{[%evp 9,100,-3,0,-5,-8,-7,-4,-5,-7,-12,-10,-26,-17,-20,-22,-30,-19,-27,-15,-24,-10,-39,-2,-17,0,-29,-7,-65,99,0,40,0,31,8,13,-26,-35,-22,-15,-22,-26,-41,-28,-53,-27,-49,-49,-49,-49,-91,-91,-92,-92,-93,-97,-121,-123,-121,-92,-92,0,0,0,-7,-7,-7,-7,-7,-7,-8,-8,-100,-100,-243,0,0,0,0,0,0,0,0,0,0,0,0,0,0,0,0,0,-29990,0]} 1. e4 Nf6 2. Nc3 d5 3. exd5 Nxd5 4. Nxd5 Qxd5 5. Qf3 c6 6. Qxd5 {B02: Alekhine's Defence: Chase Variation and lines with early Nc3.} cxd5 7. d4 Nc6 8. c3 {The position is equal.} Bf5 {[#]} 9. Be3 $146 ({Predecessor:} 9. Bb5 a6 10. Be2 e6 11. Nf3 Bd6 12. O-O h6 13. h3 Kd7 14. Be3 Rac8 15. Nd2 {½-½ (33) Babazade,J (1823)-Jafarova,A (1376) Baku 2019}) 9... e6 10. Kd2 Be7 (10... f6 {feels hotter.} 11. Ne2 Kf7 12. Nf4 h5 13. h4 Bd6) 11. Bd3 Bxd3 12. Kxd3 O-O 13. Nf3 Rac8 14. Rhe1 Na5 15. b3 b5 16. Ne5 Bd6 17. Reb1 Rc7 18. a4 (18. b4 $11 Nc4 19. Nxc4 bxc4+ 20. Kc2) 18... Rfc8 $2 (18... b4 $15 19. cxb4 Bxb4) 19. Bd2 (19. axb5 $16 Rxc3+ 20. Ke2) 19... Bxe5 (19... Rb7 {looks sharper.} 20. b4 Nc4 21. Nxc4 bxc4+ 22. Kc2 h5) 20. dxe5 bxa4 21. Rxa4 Nc6 $1 22. Rba1 Nxe5+ 23. Ke2 Nc6 $36 {[%mdl 2048] Black is more active.} 24. b4 Rb7 25. h3 h6 26. g4 Rcc7 27. h4 Ne5 28. Bf4 f6 29. g5 hxg5 30. hxg5 Rxc3 {And now ...Rc2+ would win.} 31. gxf6 gxf6 {...Rc2+ is the strong threat.} 32. Bxe5 fxe5 33. Rxa7 Rxa7 ({Reject} 33... Rxb4 $6 34. Ra8+ Kg7 35. R1a7+ Kg6 36. Rg8+ Kh6 37. Rh8+ Kg5 38. Rg8+ Kf6 39. Rf8+ Kg6 40. Rg8+ Kh6 41. Rh8+ Kg6 42. Rg8+ $11) 34. Rxa7 $17 {[%mdl 4096] Endgame KR-KR} d4 ({Black should play} 34... Kf8 $17 {Threatens to win with ...e4.} 35. Rb7 Rc2+ 36. Ke3 Ke8) 35. Re7 $11 Rc6 36. b5 Rb6 37. Kd3 Kf8 38. Rc7 Rxb5 39. Ke4 Rd5 40. Rc6 (40. Ra7 $11) 40... Ke7 41. Rc1 {[#]} (41. Ra6 $17) 41... d3 $2 (41... Kd6 $1 $19 {Strongly threatening ...Ra5.} 42. Ra1 Rc5 43. Ra6+ Rc6) 42. Rd1 Rd4+ 43. Ke3 Kd6 44. Rxd3 Kd5 45. Ra3 Re4+ 46. Kf3 {Threatening mate with Ra5+.} Rd4 47. Kg3 Ke4 48. Ra5 Kf5 49. Kg2 Rd3 50. Ra3 $2 {[%mdl 8192] [#]} (50. Kf1 $11) 50... e4 $2 {[%mdl 32768] Accuracy: White = 69%, Black = 74%. . Loss on time!?} (50... Rxa3 {mates} 51. Kf1 Ra2 52. Kg2 Kf4 53. Kf1 Kf3 54. Ke1 Rxf2 55. Kd1 Ke3 56. Kc1 Kd3 57. Kb1 Kc3 58. Ka1 Kb3 59. Kb1 Rf1#) 0-1

[Event "Stay Safe Play From Home 184"]
[Site "T#646426Emanuel Laske"]
[Date "2020.05.29"]
[Round "7"]
[White "Broken sword"]
[Black "SoulofWolf"]
[Result "1-0"]
[WhiteElo "2535"]
[BlackElo "2043"]
[Annotator "TA"]
[PlyCount "107"]
[EventDate "2020.05.29"]
[EventType "swiss (blitz)"]

{[%evp 9,107,1,20,17,25,11,23,-25,39,41,34,19,57,55,70,64,80,74,79,42,44,39,52,35,58,66,62,58,152,99,101,88,99,85,193,62,47,35,166,122,93,97,164,149,161,132,158,170,322,329,313,310,281,136,185,179,247,232,460,461,578,588,586,593,639,637,625,618,605,588,29957,29959,29957,579,564,533,1975,1975,29968,29968,29969,29970,29974,29975,29975,29976,29977,29977,29979,29978,29979,29979,29989,29990,29991,29992,29992,29993,29997,29994]} 1. d4 c6 2. c3 d5 3. Nf3 g6 4. Qb3 Bg7 5. Bg5 f6 {[#]} 6. Bh4 $146 {D02: 1 d4 d5 2 Nf3 sidelines, including 2...Nf6 3 g3 and 2...Nf6 3 Bf4.} ({Predecessor:} 6. Be3 b6 7. Nbd2 e6 8. g3 Ne7 9. Nh4 O-O 10. Bh3 f5 11. Nhf3 Nd7 12. O-O {½-½ (50) Mueller,S (1039)-Krueger,H (1207) Homburg 2010}) 6... Nh6 7. Bg3 O-O 8. h3 {White has an edge.} f5 (8... a5 $11) 9. e3 $1 $14 Nf7 10. Nbd2 h6 11. Be2 Kh7 12. O-O Nd7 {[%cal Bb8d7,Bd7f6,Bf6e4][%mdl 32]} 13. c4 $36 {[%mdl 2048] White has strong initiative.} e6 14. cxd5 exd5 15. Qc2 Nf6 16. b4 Re8 17. b5 Bd7 18. bxc6 bxc6 (18... Bxc6 $14 19. Ne5 Nxe5 20. Bxe5 Nd7) 19. Nb3 ({White should play} 19. Rab1) 19... Ne4 $16 20. Bh2 Bf8 21. Bd3 Rc8 {[#]} (21... Ba3 $16) 22. Ne5 (22. Ba6 $1 $18) 22... Nxe5 $14 23. Bxe5 Qg5 (23... c5 $1 $14 24. Ba6 Rc6) 24. Bf4 Qf6 25. Bxe4 fxe4 (25... dxe4 $16 26. Nc5 Be6) 26. Nc5 $18 Bf5 27. Rab1 g5 28. Rb7+ Re7 $2 (28... Kg8 29. Bg3 a5) 29. Be5 $1 {[%cal Re5f6]} Qg6 30. Rfb1 Rce8 31. R1b3 (31. Qa4 $18) 31... g4 32. h4 Qh5 (32... Bc8 {is a better defense.}) 33. g3 Bg7 $2 (33... Bc8 {was called for.}) 34. Bxg7 Rxg7 35. Rxg7+ Kxg7 36. Rb7+ Kf8 37. Qa4 Qg6 38. Qxa7 Bc8 39. Rc7 h5 40. Qb6 Bf5 41. Qxc6 (41. Rxc6 $142 Qh7 42. Rh6 Qf7 43. Rf6 Re7 44. Rxf7+ Rxf7 45. Qh6+ Ke7 46. Qxh5) 41... Qxc6 42. Rxc6 {[%mdl 4096] Endgame Black must now prevent Rf6+. KRB-KRN} Rb8 43. Rf6+ {[%mdl 64] [#] Double Attack} Kg7 44. Rxf5 {[%mdl 64] Double Attack. KRN-KR. White mates.} Rb2 45. Rxd5 Rxa2 46. Rxh5 Ra1+ 47. Kg2 Kf6 48. Rg5 Ra2 49. Nxe4+ Ke6 50. Rxg4 Kd5 51. Nc3+ {[%mdl 64] Double Attack} Kc4 52. Nxa2 Kd3 53. d5 Ke2 54. d6 {Accuracy: White = 64%, Black = 37%.} 1-0

[Event "Stay Safe Play From Home 184"]
[Site "T#646426Emanuel Laske"]
[Date "2020.05.29"]
[Round "7"]
[White "Tolka"]
[Black "Little champs"]
[Result "0-1"]
[WhiteElo "2275"]
[BlackElo "2119"]
[Annotator "TA"]
[PlyCount "120"]
[EventDate "2020.05.29"]
[EventType "swiss (blitz)"]

{[%evp 9,119,0,31,10,10,7,16,19,22,22,22,11,6,-8,27,19,46,34,37,22,36,31,39,20,40,39,54,50,47,44,51,0,30,15,52,38,44,42,45,33,50,40,109,98,628,137,249,114,101,104,154,154,158,129,189,185,210,197,207,194,199,102,129,0,0,0,0,-19,-28,-77,-69,-82,-70,-275,0,0,0,-42,-8,-45,0,0,0,0,313,0,0,0,0,0,0,0,0,0,0,0,0,0,0,0,0,0,0,0,29977,-29990,-29990,-29993,-29993,-29999,-29993,-29999]} 1. e4 e6 2. d4 d5 3. exd5 exd5 4. Nf3 Nf6 5. Bd3 Be7 6. Bf4 {C01: French: Exchange Variation.} O-O 7. h3 Be6 8. O-O {The position is equal.} c5 9. dxc5 Bxc5 10. Nc3 {[%cal Bb1c3,Bc3e2,Be2d4][%mdl 32]} Nc6 {[#]} 11. Ne5 $146 ({Predecessor:} 11. a3 Re8 12. Re1 a6 13. b4 Ba7 14. Qd2 Qd7 15. Rad1 d4 16. Ne4 Nxe4 17. Bxe4 {½-½ (38) Andersen,J (2201)-Kyhos,A (2278) ICCF email 2017}) 11... Nxe5 12. Bxe5 Bd6 13. Bxd6 Qxd6 14. Ne2 Rac8 15. Nd4 h6 16. Qd2 a6 17. Rfe1 Rfd8 18. Re3 Bd7 19. Rae1 Qb6 20. b3 ({White should try} 20. c3 $14) 20... Kf8 (20... Qxd4 $2 21. Bh7+ $1 {[%mdl 512]} Kxh7 22. Qxd4 $18) (20... Ne4 $5 21. Bxe4 dxe4 $11) 21. c3 Re8 22. Rxe8+ Rxe8 23. Rxe8+ Bxe8 24. Qe3 Qd6 25. Nf5 Qd7 (25... Qe6 $14) 26. Qd4 $40 {[%mdl 128] White attacks with force.} Qc7 $2 {[%mdl 8192] [#]} (26... Qe6 $16) 27. Nxh6 $2 (27. Qb4+ $1 $18 {and the rest is easy.} Kg8 28. Ne7+ Kh8 {[#]} 29. Nxd5 $1 {[%mdl 512]}) 27... Bb5 (27... Bd7 $16 28. Ng4 Nxg4) 28. Nf5 (28. Qb4+ $18 {has better winning chances.} Qe7 29. Qxe7+ (29. Bxb5 Qxb4 30. cxb4 gxh6 $16) 29... Kxe7 30. Nf5+ {[%mdl 64] Double Attack} Kd7 31. Bxb5+ axb5 32. Nd4 (32. Nxg7 Ne4 $16)) 28... Bxd3 $16 29. Qxd3 Qe5 30. Ne3 b5 31. Qd4 Qe6 (31... Qxd4 $16 {might work better.} 32. cxd4 Ke7) 32. f3 g6 33. Kf2 Qc6 34. g4 Qd6 35. g5 ({Better is} 35. f4 $18) 35... Qh2+ 36. Ng2 (36. Ke1 $16 Nd7 37. f4 (37. Nxd5 Ne5 $16)) 36... Nh5 $11 37. Qc5+ Kg8 {Strongly threatening ...Qg3+.} 38. Qc8+ Kh7 {White must now prevent ...Qg3+.} 39. Qf8 Qg3+ {[%mdl 64] Double Attack} 40. Kg1 Qxf3 {aiming for ...Ng3.} 41. Qd6 $2 (41. Qc5 $1 $15) 41... Kg7 $2 ({Weaker is} 41... Qxc3 42. Qxd5 Kg7 43. Kh2 $17) (41... Ng3 $19 42. Kh2 Ne2) 42. Qe5+ Kh7 43. Qe3 Qd1+ 44. Kh2 Ng7 45. Qf2 Nf5 46. Ne3 Nxe3 $2 {[%mdl 8192]} (46... Qd3 $11 {and Black is okay.} 47. Nxf5 gxf5) 47. Qxe3 $2 {[%mdl 4096] Endgame KQ-KQ} ({Only move:} 47. Qxf7+ $18 Kh8 48. Qf8+ Kh7 49. Qh6+ Kg8 50. Qxg6+ {[%mdl 64] Double Attack} Kf8 51. Qf6+ Kg8 52. Qe6+ Kh7 53. Qf7+ Kh8 54. Qe8+ Kh7 55. Qxe3) 47... Qc2+ 48. Kg3 Qxa2 49. Qf4 Qxb3 50. Qxf7+ Kh8 51. Qf8+ Kh7 52. Qf7+ Kh8 53. Qf8+ Kh7 54. Qh6+ Kg8 55. Qxg6+ {[%mdl 64] Double Attack} Kh8 $1 56. Qf6+ Kg8 $2 {[%mdl 8192]} (56... Kh7 $11) 57. Qg7+ $4 {[%mdl 8192]} (57. g6 {is the narrow road to win.} d4 58. Qe7 (58. Qxd4 Qe6 $11) 58... Qxc3+ 59. Kh4 Qc4 60. Qh7+ Kf8 61. g7+ Ke8 62. g8=Q+ Qxg8 63. Qxg8+ Ke7 64. Kg5) 57... Kxg7 {Black mates.} 58. Kh4 Qxc3 59. Kh5 {[#]} Qe5 $1 60. h4 Qe2# {A wild game. Accuracy: White = 59%, Black = 55%.} 0-1

[Event "Stay Safe Play From Home 184"]
[Site "T#646426Emanuel Laske"]
[Date "2020.05.29"]
[Round "7"]
[White "Rogan"]
[Black "Mepe_Nika"]
[Result "0-1"]
[WhiteElo "2268"]
[BlackElo "2293"]
[Annotator "TA"]
[PlyCount "54"]
[EventDate "2020.05.29"]
[EventType "swiss (blitz)"]

{[%evp 12,54,-15,-5,22,-12,-12,-11,-9,-19,-27,-506,-499,-940,-448,-691,-691,-675,-683,-949,-936,-1069,-1046,-1041,-598,-1214,-827,-1438,-1315,-29987,-29988,-29988,-29989,-29994,-2319,-2187,-944,-950,-948,-943,-900,-900,-870,-2100,-2043]} 1. d4 c5 2. c3 cxd4 3. cxd4 d5 4. Nf3 Nf6 5. Nc3 Nc6 6. Bg5 Ne4 7. Bf4 Bf5 {D13: Slav Defence: Exchange variation without ...Bf5.} 8. e3 e6 {[#]} 9. Nxe4 $146 ({Predecessor:} 9. Qa4 Bb4 10. Rc1 O-O 11. Bb5 Bxc3+ 12. bxc3 Ne7 13. O-O Ng6 14. Bg3 h5 15. Be2 {0-1 (26) Gasparian,H (2073)-Ter Saakian,G (2262) Voronezh 2019}) 9... Bxe4 {The position is equal.} 10. Bd3 Bb4+ 11. Nd2 $2 {[%mdl 8192] [#]} (11. Kf1 $11 {and White is okay.}) 11... Bxd3 $19 12. Qg4 (12. Rc1 $142) 12... Bg6 (12... Bxd2+ $142 13. Kxd2 Qa5+ 14. Kxd3 Qb5+ {[%mdl 64] Double Attack} 15. Kd2 Qxb2+ 16. Ke1 Qxa1+ 17. Qd1 Qxa2) 13. h4 (13. Qe2 $142) 13... Bxd2+ 14. Kxd2 Qa5+ 15. Ke2 h5 16. Qg5 Qb5+ 17. Kf3 Qxb2 18. Rab1 Qc2 {[#] Strongly threatening ...f6.} 19. Rxb7 O-O 20. g4 Qe4+ 21. Kg3 Qxh1 22. gxh5 Qg1+ (22... Be4 $142 23. Qxg7+ {[%mdl 64] Remove Defender} Kxg7 24. Kg4 Qg2+ 25. Bg3 Kh6 26. Rd7 Rg8+ 27. Kf4 Qf3#) 23. Kf3 {Black is clearly winning.} Qxg5 24. hxg5 Bxh5+ 25. Kg3 Rfe8 26. Bd6 Rad8 27. f4 Rxd6 {Black took control after the opening. Accuracy: White = 29%, Black = 67%.} 0-1

[Event "Stay Safe Play From Home 184"]
[Site "T#646426Emanuel Laske"]
[Date "2020.05.29"]
[Round "7"]
[White "Weltszmerc"]
[Black "Eidgenosse"]
[Result "0-1"]
[WhiteElo "2085"]
[BlackElo "2459"]
[Annotator "TA"]
[PlyCount "154"]
[EventDate "2020.05.29"]
[EventType "swiss (blitz)"]

{[%evp 9,154,-20,-11,-70,-14,-16,-15,0,43,38,42,45,41,38,42,41,50,47,63,54,69,34,63,33,43,0,0,-41,3,0,32,0,47,44,58,14,18,12,64,10,15,-7,-6,-6,0,-18,0,0,0,-10,-8,-38,-42,-34,-8,-221,-224,-224,-224,-341,-335,-304,-13,-26,-22,-333,-6,-19,0,0,0,0,0,0,0,-42,0,0,0,0,0,0,0,0,0,0,0,0,44,0,0,0,44,-29982,-29983,-29982,-29983,-29986,-29986,-29986,-29986,-29987,-29987,-29987,-29988,-29990,-29991,-29991,-29991,-29991,-29991,-29991,-29992,-29992,-29992,-29992,-29991,-29991,-29992,-29992,-29992,-29992,-29991,-29992,-29992,-29992,-29993,-29993,-29994,-29995,-29995,-29995,-29996,-29996,-29997,-29997,-29997,-29997,-29989,-29989,-29990,-29990,-29989,-29990,-29990,-29990,-29989]} 1. d4 d6 2. c4 Nf6 3. Bf4 Nbd7 {[#]} 4. d5 $146 ({Predecessor:} 4. e3 e5 5. dxe5 dxe5 6. Bg5 Be7 7. Nf3 h6 8. Bh4 g5 9. Bg3 Ne4 10. Bd3 Nxg3 11. hxg3 {½-½ (47) Kullmann,M (1511)-Heutling,T (1629) Playchess.com INT 2020}) 4... c6 5. Nc3 Qb6 6. Qb3 {A53: Old Indian Defence without Nf3.} (6. Rb1 $11) 6... Qxb3 (6... Nc5 $15 7. Qxb6 axb6) 7. axb3 $11 Nc5 8. b4 {The position is equal.} Nce4 9. Nxe4 Nxe4 10. f3 Nf6 11. e4 g6 12. Ne2 Bg7 13. Nc3 Nd7 14. Be2 Ne5 15. O-O O-O 16. b5 c5 17. b6 a6 18. Rfb1 Bd7 19. Bd2 Rfc8 20. h3 {f4 is the strong threat.} f5 21. f4 Nf7 22. Bd3 Bd4+ 23. Kh1 e6 (23... fxe4 $11 24. Bxe4 Rf8) 24. exf5 ({White should try} 24. dxe6 $1 $14 Bxe6 25. exf5 gxf5 26. Nd5) 24... exf5 25. Re1 Re8 26. g3 Nh6 27. Kg2 Kg7 28. Kf3 Ng8 29. Rxe8 Rxe8 30. Re1 Rxe1 31. Bxe1 Nf6 32. Bf2 $2 {[#]} (32. b3 $11 {and White stays safe.}) 32... Bxc3 $1 $19 33. bxc3 {[%mdl 4096] Endgame KBB-KBN} Ba4 34. Be1 (34. Ke2 $142) 34... Nd7 35. g4 Kf6 $2 ({Weaker is} 35... Nxb6 36. gxf5 a5 37. Bh4 $17) (35... fxg4+ $19 36. Kxg4 Bb3) 36. Bh4+ $11 Kf7 37. Bd8 $2 {[%mdl 8192]} (37. gxf5 $11 {and White has nothing to worry.} a5 38. fxg6+ hxg6 39. Ke3) 37... Nf6 $2 ({Black should play} 37... Bd1+ $19 38. Kf2 fxg4 39. hxg4 Bxg4) 38. Bxf6 {aiming for Bg5.} Kxf6 {KB-KB} 39. g5+ Ke7 40. h4 Bb3 41. Ke3 a5 42. Kd2 Kf7 43. Kc1 $1 h6 44. Kb2 Bd1 45. Ka3 Ke7 46. Kb2 Kf7 47. Ka3 Kg7 48. Kb2 Bf3 49. Ka3 hxg5 50. hxg5 Be4 51. Kb2 $2 {[%mdl 8192]} (51. Be2 $14) 51... Bxd3 {KB-KP. Black mates.} 52. Kc1 Bxc4 53. Kd2 Bxd5 54. Kc2 Bc6 55. c4 Kf7 56. Kc3 d5 57. Kb3 d4 58. Kc2 Ke6 59. Kd3 Kd6 60. Kd2 Be4 61. Ke2 Kc6 62. Kd2 Kxb6 {KB-K3P} 63. Ke2 Kc6 64. Kd2 b6 {[%cal Bb7b6,Bb6b5,Bb5c4,Bc4c3][%mdl 32]} 65. Ke2 b5 66. Kd2 bxc4 {KB-KPP} 67. Kc1 c3 68. Kd1 d3 69. Kc1 d2+ 70. Kd1 Bf3+ 71. Kc2 d1=Q+ 72. Kxc3 Qd4+ 73. Kc2 {[#]} Qb2+ $1 74. Kxb2 Kd5 75. Kc3 Ke4 76. Kd2 Kxf4 77. Kc1 Kxg5 {Accuracy: White = 56%, Black = 60%.} 0-1